| 000 | 00391nam a22001697a 4500 | ||
|---|---|---|---|
| 005 | 20260413154414.0 | ||
| 008 | 160611b xxu||||| |||| 00| 0 eng d | ||
| 020 | _a978-0-440-29679-9 | ||
| 041 | _aeng | ||
| 082 | _a813.6 | ||
| 100 |
_aReach, Beyond. _91732 |
||
| 245 | _aKarin Slaughter | ||
| 260 |
_bAdell Book _c2007 |
||
| 300 | _a576 | ||
| 650 |
_aamerican fiction _98938 |
||
| 942 | _cBK | ||
| 999 |
_c2441 _d2440 |
||